000 00349cam a2200145ua 4500
020 _a8176220574
082 _a631.46
_bRUS/SO
100 _aJohn Russell, E .
_9422
245 _aSoil Conditions and Plant Growth
250 _a10 / 8
260 _aDelhi
_bBiotech Books
_c2012
300 _a635
700 1 _aRussell, Walter .
_9423
942 _cBK
999 _c10869
_d10869